Polskie filmy i seriale wojenne - nagła śmierć - Statystyki

Ogólne statystyki
  • Ten quiz został rozwiązany 84 razy
  • Średni wynik to 6 z 16
Answers on the Grid
Answers color-coded by a green-red scale on the quiz's grid according to % correct below.
Czterej pancerni i pies
Czas honoru
Kolumbowie
Polskie drogi
Stawka większa niż życie
Akcja pod Arsenałem
Eroica
Godzina „W”
Hubal
Kanał
Ludzie z pociągu
Miasto 44
Orzeł
Pokolenie
Świadectwo urodzenia
Wolne miasto
Wojna domowa
Zmiennicy
Daleko od szosy
07 zgłoś się
Fala zbrodni
Człowiek na torze
Baza ludzi umarłych
Ostatni dzień lata
Pętla
Do widzenia, do jutra
Nóż w wodzie
Człowiek z marmuru
Kiler
Amator
Zaklęte rewiry
Śmierć jak kromka chleba
 
Statystyki odpowiedzi
Odpowiedź % Poprawnych
Miasto 44
66%
Czterej pancerni i pies
54%
Czas honoru
52%
Godzina „W”
48%
Akcja pod Arsenałem
46%
Kanał
43%
Stawka większa niż życie
41%
Polskie drogi
34%
Kolumbowie
32%
Wolne miasto
29%
Hubal
27%
Orzeł
21%
Pokolenie
20%
Eroica
18%
Ludzie z pociągu
14%
Świadectwo urodzenia
11%
Nie znaleziono quizów pasujących do podanych kryteriów
Rozkład punktacji
Procent ludzi z każdym wynikiem
Percentyl według liczby udzielonych odpowiedzi
Twoja historia wyników
Nie rozwiązałeś tego quizu